Chess Puzzles #2 - Statistics

General Stats
  • This quiz has been taken 13 times
  • The average score is 7 of 8
Answer Stats
Picture Answer % Correct
Qg7#
100%
Qa1+
92%
Qd2+
92%
Qh2#
92%
Rd1+
92%
Qa8+
83%
Qxf7#
67%
Qxg2#
67%
No matching quizzes found
Score Distribution
Percent of People with Each Score
Percentile by Number Answered
Your Score History
You have not taken this quiz